Library Banner

If i am assassinated (Record no. 83097)

MARC details
000 -LEADER
fixed length control field 00390nam a22001457a 4500
005 - DATE AND TIME OF LATEST TRANSACTION
control field 20160223151949.0
008 - FIXED-LENGTH DATA ELEMENTS--GENERAL INFORMATION
fixed length control field 160223b xxu||||| |||| 00| 0 eng d
040 ## - CATALOGING SOURCE
Transcribing agency PK-LaUMT
082 ## - DEWEY DECIMAL CLASSIFICATION NUMBER
Classification number AMC 954.9105
Item number ZUL-I
100 ## - MAIN ENTRY--PERSONAL NAME
Personal name Zulfikar Ali bhutto
245 ## - TITLE STATEMENT
Title If i am assassinated
Statement of responsibility, etc Zulfikar Ali bhutto
260 ## - PUBLICATION, DISTRIBUTION, ETC. (IMPRINT)
Place of publication, distribution, etc New Delhi
Name of publisher, distributor, etc Vikas publishing house
Date of publication, distribution, etc 1979
300 ## - PHYSICAL DESCRIPTION
Extent 204 p.
942 ## - ADDED ENTRY ELEMENTS (KOHA)
Koha item type Books
Holdings
Withdrawn status Lost status Damaged status Home library Current library Date acquired Full call number Barcode Date last seen Price effective from Koha item type
      UMT Main Campus UMT Main Campus 2016-02-23 AMC 954.9105 ZUL-I 85961 2022-12-26 2016-02-23 Books